000 00365pab a2200157 454500
008 180718b1985 xxu||||| |||| 00| 0 eng d
100 _aPatel, Usha
245 _aPotential of handicrafts in India
260 _c1985
300 _a475-82
362 _aAug.
650 _aHandicrafts - India
700 _aAmrit Patel
773 _aKhadi Gramodyog
909 _a9612
999 _c9612
_d9612